Principles of polymer chemistry (Record no. 22705)

MARC details
000 -LEADER
fixed length control field 00382nam a2200145Ia 4500
082 ## - DEWEY DECIMAL CLASSIFICATION NUMBER
Classification number 028.2875
Item number FLO;1
100 ## - MAIN ENTRY--AUTHOR NAME
Personal name Flory, Paul J
245 #0 - TITLE STATEMENT
Title Principles of polymer chemistry
260 ## - PUBLICATION, DISTRIBUTION, ETC. (IMPRINT)
Place of publication London
Name of publisher Cornell University
Year of publication 1971
650 ## - SUBJECT ADDED ENTRY--TOPICAL TERM
Topical Term Polymerization
650 ## - SUBJECT ADDED ENTRY--TOPICAL TERM
Topical Term Rubber elasticity
650 ## - SUBJECT ADDED ENTRY--TOPICAL TERM
Topical Term Vinyl polymers
942 ## - ADDED ENTRY ELEMENTS (KOHA)
Koha item type Books
Holdings
Withdrawn status Lost status Damaged status Not for loan Home library Current library Date acquired Full call number Accession Number Koha item type
        RRII Library RRII Library 16/12/2021 028.2875 FLO;1 03425 Books